Poder, conocimiento y reforma educacional

Saved in:
Bibliografiske detaljer
Hovedforfatter: Apple, Michael W (Author)
Format: Bog
Sprog:spansk
Udgivet: Santa Rosa Universidad Nacional de La Pampa 2012
Udgivelse:1a. ed
Fag:
Tags: Tilføj Tag
Ingen Tags, Vær først til at tagge denne postø!

MARC

LEADER 00000cam a2200000 a 4500
001 UCC3860
003 CL-VaPUC
008 180622e20120000ag |||||||||||||||||spa|d
020 |a 9789508631749 
082 0 4 |a 371.1  |b APP  |2 21 
100 0 |a Apple, Michael W  |e author  |9 597974 
245 1 0 |a Poder, conocimiento y reforma educacional 
250 |a 1a. ed 
300 |a 128 p 
942 |c BK 
945 |d 20180622 13:48:00  |a dcastane 
260 |a Santa Rosa  |b Universidad Nacional de La Pampa  |c 2012 
650 0 |a Didáctica   |9 369923 
650 0 |a Teoría de la educación   |9 309368 
650 0 |a Filosofía de la educación   |9 258384 
583 |a last modification  |c 20180622 13:48:00  |k Rodrigo Vera 
999 |c 371528  |d 371526 
952 |0 0  |1 0  |3 erb  |4 0  |6 371_100000000000000_APP_2012  |7 0  |8 A  |9 488538  |a BIBEDU  |b BIBEDU  |i 5477549  |o 371.1 APP 2012  |p 5477549  |r 2019-11-24  |w 2019-11-24  |y BK  |z Catalogado en:20180622  |k EDI